Movies Quiz

Random Movies or Disney Quiz

Disney Oscar Songs - First Verses Quiz Stats

 Plays Quiz Updated Aug 5, 2016

Challenge
Share
Tweet
Score 0/207 Timer 08:00
9 Plays Today
% Correct
The
98.5%
the
98.5%
the
98.5%
the
98.4%
the
98.4%
the
98.4%
the
98.4%
The
98.4%
the
98.4%
a
97.9%
a
97.9%
a
97.9%
a
97.9%
a
97.9%
the
97.5%
I
96.4%
I
96.3%
I
96.3%
I
96.3%
You
96.2%
you
96.2%
you,
96.2%
you
96.2%
you
96.2%
you
96.2%
you
96.2%
You
96.2%
You
95.9%
can
95.9%
can
95.9%
can
95.9%
can
95.9%
I
93.5%
you
90.7%
world
90.6%
world
90.6%
can
90.4%
be
89.4%
and
89.2%
be
89.2%
and
88.5%
and
88.5%
and
88.5%
and
88.5%
And
88.5%
be,
88.1%
show
87.1%
on
85.6%
on
85.6%
me,
85.5%
so
84.5%
so.
84.3%
under
83.5%
is
83.5%
is
83.5%
is
83.5%
in
83.3%
in
83.3%
in
83.3%
me.
82.2%
as
81%
as
81%
as
81%
an
80.7%
it
80%
to
79.5%
to
79.5%
time
79.5%
is
79.3%
% Correct
so
78.5%
old
78.4%
there,
77.9%
Tale
77.9%
magic
77.7%
magic
77.7%
that
77.6%
what
77.4%
your
77.2%
your
77.2%
it
76.4%
wonder
76.3%
wonder,
76.3%
when
75.8%
there
75.4%
see
75.3%
carpet
74.9%
somebody
74.8%
somebody
74.8%
ride!
74.5%
Tell
74.2%
that
74.1%
love
74%
shining,
73.8%
shimmering,
73.7%
see
73.6%
Beauty
73.2%
take
73%
Princess,
72.8%
Beast.
72.7%
at
72.5%
heart
72.3%
here
71.9%
let
71.7%
did
71.4%
but
71.4%
always
71.3%
Just
71.3%
Just
71.3%
greener
70.9%
by
70.8%
seaweed
70.1%
splendid.
70%
last
69.7%
decide?
69.6%
up
69.3%
But
68.7%
else's
68.4%
ocean
68.4%
look
68.3%
over
68.2%
eyes,
67.5%
now
67.5%
open
66.8%
for?
66.4%
around
66.2%
floor.
65.2%
don't
65.1%
don't
65.1%
big
65.1%
mistake.
64.7%
going
64.7%
about
64.1%
one
64%
sideways
63.8%
lake.
63.7%
don't
63.6%
dream
63.3%
true
61.8%
% Correct
right
61.6%
then
61.2%
think
60.6%
looking
60.3%
more
60.3%
have
59.7%
one
59.5%
they
59.1%
down
59.1%
little
58.4%
little
58.4%
bends
57%
things
56.7%
happening [What?]
56%
friends
55.8%
wonderful
55.8%
unexpectedly.
55.4%
even
55.4%
of
54.8%
Such
54.5%
what's
54.3%
Our
53.9%
two. [Oh.]
53.7%
know?
53.6%
know...
53.6%
barely
53.6%
clue! [Who?]
53.6%
How
53.4%
say
51.8%
I'm
51.3%
surround
50.8%
trio's
49.8%
air!
49.7%
fall
49.5%
least,
49.1%
scared
48.3%
prepared,
47.8%
neither
47.7%
all
47.7%
They'll
47.1%
bottom
46.8%
both
46.5%
here's
46.5%
line:
46.4%
savage,
46.2%
change
46.2%
small
45.9%
savage
45.8%
this
45.5%
there's
44.7%
with
44.6%
much
44.5%
guess
44.2%
been
43.2%
sweet
43%
if
42.8%
ignorant
42.3%
must
42.2%
places
41.9%
everywhere.
40.7%
twilight,
40.2%
many
40.2%
disaster's
39.3%
still
39.2%
romantic
38.7%
cannot
38.5%
you've
38.3%
caress
38%
atmosphere,
37.9%

You're not logged in!

Compare scores with friends on all Sporcle quizzes.
Join for Free
OR
Log In

You Might Also Like...

Show Comments

Extras

Top Quizzes Today


Score Distribution

Your Account Isn't Verified!

In order to create a playlist on Sporcle, you need to verify the email address you used during registration. Go to your Sporcle Settings to finish the process.

Report this User

Report this user for behavior that violates our Community Guidelines.

Details: